|
|
|
|
| LEADER |
01225nam a2200241 a 4500 |
| 001 |
4783 |
| 008 |
130724s1982 bg b 100 0 eng d |
| 010 |
|
|
|a 83900069
|
| 040 |
|
|
|a DLC
|c DLC
|d DLC
|d BD-DhAAL
|
| 082 |
0 |
0 |
|a 307/.14/095492
|2 19
|
| 111 |
2 |
|
|a Regional Workshop on Rural Urban Balance
|d (1981 :
|c Comilla, Bangladesh)
|
| 245 |
1 |
0 |
|a Rural urban balance study :
|b overview paper and a summary of the country papers presented at the Regional Workshop on Rural Urban Balance, held at CIRDAP, Kotbari, Comilla, 2-6 November 1981.
|
| 260 |
|
|
|a Comilla, Bangladesh :
|b Center on Integrated Rural Development for Asia and the Pacific,
|c c1982.
|
| 300 |
|
|
|a iv, 95 p. ;
|c 23 cm.
|
| 490 |
|
0 |
|a CIRDAP study series
|
| 504 |
|
|
|a Includes bibliographical references.
|
| 541 |
|
|
|e 4783
|
| 650 |
|
0 |
|a Rural development
|z Bangladesh
|x Congresses.
|
| 650 |
|
0 |
|a Rural-urban migration
|z Bangladesh
|x Congresses.
|
| 710 |
2 |
|
|a Center on Integrated Rural Development for Asia and the Pacific.
|
| 852 |
1 |
|
|a Ayesha Abed Library
|j General shelf.
|
| 999 |
|
|
|c 13733
|d 13733
|
| 952 |
|
|
|0 0
|1 0
|2 ddc
|4 0
|6 307_140954920000000_RUR
|7 0
|9 22978
|a BRACUL
|b BRACUL
|c GEN
|d 2013-07-27
|g 0.00
|l 0
|o 307.14095492 RUR
|p 3010004783
|r 2013-07-27
|t 1
|w 2013-07-27
|y BK
|z Not price in Register
|